|
|
|
|
| LEADER |
00000nab a2200000 a 4500 |
| 001 |
vtls000197196 |
| 003 |
SK-MaSNL |
| 005 |
20260304015057.0 |
| 008 |
160202c1984 xo 0 slo |
| 015 |
|
|
|a SNBRB19rr/mm-uuuuu
|
| 035 |
|
|
|a CL0207309
|
| 040 |
|
|
|a SNKBUCL
|b slo
|c SNKBUCL
|e AACR2
|
| 041 |
0 |
|
|a slo
|
| 044 |
|
|
|a xo
|c SK
|
| 080 |
|
|
|a 82:930.25(048)
|2 1981
|
| 080 |
|
|
|a 930.25(048)
|2 1981
|
| 080 |
|
|
|a 82
|2 1981
|
| 080 |
|
|
|a 929
|2 1981
|
| 080 |
|
|
|a 885.0(048)
|2 1981
|
| 080 |
|
|
|a 885.0
|2 1981
|
| 080 |
|
|
|a 929(048)
|2 1981
|
| 100 |
1 |
|
|a Okáli, Daniel,
|d 1903-1987
|4 aut
|9 103257
|
| 245 |
1 |
0 |
|a Jiří Wolker: Dopisy
|c Daniel Okáli
|
| 500 |
|
|
|a V rubrike Knihy
|
| 600 |
1 |
7 |
|a Wolker, Jiří,
|d 1900-1924
|2 snkbucl
|9 122050
|
| 650 |
0 |
7 |
|a literárna korešpondencia
|2 snkbucl
|9 278202
|
| 650 |
0 |
7 |
|a české prózy
|2 snkbucl
|9 243351
|
| 655 |
|
7 |
|a články z novín a časopisov
|2 snkbucl
|9 267496
|
| 655 |
|
7 |
|a články z odboru literárna veda a krásna literatúra
|2 snkbucl
|9 770045
|
| 655 |
|
7 |
|a recenzie
|2 snkbucl
|9 21907
|
| 773 |
0 |
|
|t Slovenské pohľady
|g Roč. 100, č. 10 (1984), s. 135-139
|
| 787 |
0 |
8 |
|i Rec.:
|a Wolker, Jiří
|t Dopisy
|d Praha : Československý spisovatel, 1984
|
| 850 |
|
|
|a Slovenská národná knižnica v Martine
|a MTA001
|
| 852 |
|
|
|a SNK
|b KIS3GCP
|
| 954 |
|
|
|a odborná, vedecká literatúra pôvodná (slovenská)
|2 lita
|
| 958 |
|
|
|a RK
|
| 958 |
|
|
|a CZ
|
| 958 |
|
|
|a LX
|
| 992 |
|
|
|a RBX
|
| 999 |
|
|
|c 2589470
|d 2591400
|